MARC details
| 000 -LEADER |
| fixed length control field |
00958nam a2200289Ia 4500 |
| 003 - CONTROL NUMBER IDENTIFIER |
| control field |
LK-CoDNM |
| 008 - FIXED-LENGTH DATA ELEMENTS--GENERAL INFORMATION |
| fixed length control field |
010623t1919 xxu||||| |||| 00| 1 Pali d |
| 040 ## - CATALOGING SOURCE |
| Original cataloging agency |
LK-CoDNM |
| Modifying agency |
LK-CoDNM |
| Description conventions |
LK-CoDNM |
| 041 ## - LANGUAGE CODE |
| Language code of text/sound track or separate title |
|
| -- |
Sinhala; Sinhalese |
| 080 ## - UNIVERSAL DECIMAL CLASSIFICATION NUMBER |
| Universal Decimal Classification number |
104 E.9 |
| 942 ## - ADDED ENTRY ELEMENTS (KOHA) |
| Koha item type |
Books |
| 100 ## - MAIN ENTRY--PERSONAL NAME |
| Personal name |
Gunasekara,A.Mendis |
| 700 ## - ADDED ENTRY--PERSONAL NAME |
| Personal name |
Samarasekara,W.A |
| Relator term |
editor |
| 245 ## - TITLE STATEMENT |
| Title |
ප්රාචීන භාෂොපකාර සමිතියේ සඟරාව |
| 246 ## - VARYING FORM OF TITLE |
| Title proper/short title |
Journal of the Society for the Promotion and Encouragement of Oriental Studies |
| 260 ## - PUBLICATION, DISTRIBUTION, ETC. (IMPRINT) |
| Name of publisher, distributor, etc. |
Sri Bharathi |
| Place of publication, distribution, etc. |
Colombo |
| Date of publication, distribution, etc. |
1919 |
| 300 ## - PHYSICAL DESCRIPTION |
| Other physical details |
vii,96p., 21 cm |
| 650 ## - SUBJECT ADDED ENTRY--TOPICAL TERM |
| Topical term or geographic name as entry element |
Charakasanhita |
| 650 ## - SUBJECT ADDED ENTRY--TOPICAL TERM |
| Topical term or geographic name as entry element |
Kaavyaseekaraya |
| 650 ## - SUBJECT ADDED ENTRY--TOPICAL TERM |
| Topical term or geographic name as entry element |
Kachchayana's Pali Grammer |
| 650 ## - SUBJECT ADDED ENTRY--TOPICAL TERM |
| Topical term or geographic name as entry element |
King Buvaneka Baahu V,Kalyani Inscription,Sinhalese Grammer |
| 650 ## - SUBJECT ADDED ENTRY--TOPICAL TERM |
| Topical term or geographic name as entry element |
Mahaavansa |
| 650 ## - SUBJECT ADDED ENTRY--TOPICAL TERM |
| Topical term or geographic name as entry element |
Pali Sanskrit |
| 650 ## - SUBJECT ADDED ENTRY--TOPICAL TERM |
| Topical term or geographic name as entry element |
Panini's Sanskrit Grammer |
| 650 ## - SUBJECT ADDED ENTRY--TOPICAL TERM |
| Topical term or geographic name as entry element |
Rules of Prakrit Grammer |
| 650 ## - SUBJECT ADDED ENTRY--TOPICAL TERM |
| Topical term or geographic name as entry element |
Totagamuve Sri Rahul |